000 00345nam a2200133Ia 4500
008 130318s9999 xx 000 0 und d
020 _a9788131419694
082 _a351 SAD/E
100 _aSadagopan, Sowmyanarayanan
245 _aE-governance today
260 _bICFAI University Press
_aHyderabad
_c2008
300 _a302
650 _aE-GOVERNANCE
999 _c1496
_d1496